[Event "Australian-ch 2018"]
[Site "Sydney"]
[Date "2018.01.08"]
[Round "7.3"]
[White "Brown, Andrew"]
[Black "Dale, Ari"]
[Result "0-1"]
[WhiteElo "2293"]
[BlackElo "2356"]
[PlyCount "136"]
[EventDate "2018.01.02"]
[EventType "tourn"]
[EventCountry "AUS"]
[TimeControl "40/5400+30:1800+30"]

1. Nf3 {[%emt 0:00:00]} Nf6 {[%emt 0:00:05]} 2. c4 {[%emt 0:00:10]} g6 {[%emt 0:02:10]} 3. Nc3 {[%emt 0:00:10]} Bg7 {[%emt 0:00:05]} 4. e4 {[%emt 0:02:37]} d6 {[%emt 0:00:07]} 5. d4 {[%emt 0:00:06]} O-O {[%emt 0:00:06]} 6. Be2 {[%emt 0:00:05]} e5 {[%emt 0:00:06]} 7. O-O {[%emt 0:00:31]} Nc6 {[%emt 0:00:10]} 8. d5 {[%emt 0:00:11]} Ne7 {[%emt 0:00:05]} 9. b4 {[%emt 0:00:19]} Nh5 {[%emt 0:00:49]} 10. Re1 {[%emt 0:00:13]} f5 {[%emt 0:00:40]} 11. Qb3 {[%emt 0:07:11]} h6 {[%emt 0:14:17]} 12. c5 {[%emt 0:02:42]} fxe4 {[%emt 0:04:55]} 13. Nd2 {[%emt 0:10:08]} e3 {[%emt 0:15:16]} 14. fxe3 {[%emt 0:00:25]} e4 {[%emt 0:00:03]} 15. Ndxe4 {[%emt 0:06:11]} Nf5 {[%emt 0:01:47]} 16. g3 {[%emt 0:09:50]} Be5 {[%emt 0:10:44]} 17. Qc2 {[%emt 0:02:09]} Nhxg3 {[%emt 0:15:41]} 18. hxg3 {[%emt 0:33:04]} Nxg3 {[%emt 0:00:04]} 19. Nxg3 {[%emt 0:00:08]} Bf5 {[%emt 0:00:04]} 20. Nxf5 {[%emt 0:18:44]} Rxf5 {[%emt 0:00:59]} 21. Bg4 {[%emt 0:04:45]} Rg5 {[%emt 0:01:20]} 22. Re2 {[%emt 0:00:01]} Rxg4+ {[%emt 0:03:47]} 23. Rg2 {[%emt 0:00:01]} Qh4 {[%emt 0:07:39]} 24. Rxg4 {[%emt 0:00:18]} Qxg4+ {[%emt 0:00:04]} 25. Qg2 {[%emt 0:00:06]} Qxg2+ {[%emt 0:00:05]} 26. Kxg2 {[%emt 0:00:04]} Bxc3 {[%emt 0:00:06]} 27. Rb1 {[%emt 0:00:03]} Rf8 {[%emt 0:02:07]} 28. Ba3 {[%emt 0:02:37]} Rf5 {[%emt 0:03:21]} 29. Rd1 {[%emt 0:00:37]} Kg7 {[%emt 0:02:07]} 30. b5 {[%emt 0:00:25]} Be5 {[%emt 0:06:29]} 31. b6 {[%emt 0:00:34]} axb6 {[%emt 0:00:11]} 32. cxb6 {[%emt 0:00:07]} cxb6 {[%emt 0:00:12]} 33. Rb1 {[%emt 0:00:10]} Rf7 {[%emt 0:00:35]} 34. Rxb6 {[%emt 0:00:10]} Rd7 {[%emt 0:00:02]} 35. Kf3 {[%emt 0:01:54]} g5 {[%emt 0:01:08]} 36. Ke4 {[%emt 0:00:35]} Kg6 {[%emt 0:00:11]} 37. Bb2 {[%emt 0:00:23]} Bxb2 {[%emt 0:01:24]} 38. Rxb2 {[%emt 0:00:01]} h5 {[%emt 0:01:38]} 39. Kd4 {[%emt 0:01:05]} h4 {[%emt 0:00:50]} 40. e4 {[%emt 0:00:18]} h3 {[%emt 0:30:25]} 41. e5 {[%emt 0:30:25]} dxe5+ {[%emt 0:00:14]} 42. Kxe5 {[%emt 0:00:08]} Re7+ {[%emt 0:00:16]} 43. Kd4 {[%emt 0:01:14]} Rh7 {[%emt 0:02:19]} 44. Rb1 {[%emt 0:00:10]} g4 {[%emt 0:00:43]} 45. Ke3 {[%emt 0:00:34]} Rf7 {[%emt 0:00:22]} 46. d6 {[%emt 0:00:00]} Kg5 {[%emt 0:00:00]} 47. Rh1 {[%emt 0:00:00]} Kh4 {[%emt 0:00:00]} 48. Rd1 {[%emt 0:00:00]} Rd7 {[%emt 0:00:00]} 49. Kf2 {[%emt 0:00:00]} g3+ {[%emt 0:00:00]} 50. Kg1 {[%emt 0:00:00]} b5 {[%emt 0:00:00]} 51. a3 {[%emt 0:00:00]} Kg4 {[%emt 0:00:00]} 52. Rd4+ {[%emt 0:00:46]} Kf5 {[%emt 0:00:00]} 53. Rd3 {[%emt 0:00:57]} h2+ {[%emt 0:02:09]} 54. Kh1 {[%emt 0:00:51]} Rg7 {[%emt 0:00:22]} 55. Rd1 {[%emt 0:01:16]} Ke6 {[%emt 0:00:33]} 56. Kg2 {[%emt 0:00:15]} Kd7 {[%emt 0:00:20]} 57. Kh1 {[%emt 0:01:30]} Rg6 {[%emt 0:01:06]} 58. Kg2 {[%emt 0:00:35]} Rxd6 {[%emt 0:00:52]} 59. Rb1 {[%emt 0:01:03]} Rh6 {[%emt 0:01:10]} 60. Rh1 {[%emt 0:00:17]} Rg6 {[%emt 0:00:05]} 61. Rc1 {[%emt 0:00:25]} Kd6 {[%emt 0:00:31]} 62. Rd1+ {[%emt 0:00:48]} Kc5 {[%emt 0:00:08]} 63. Rc1+ {[%emt 0:00:09]} Kb6 {[%emt 0:00:20]} 64. Rb1 {[%emt 0:00:53]} Ka5 {[%emt 0:00:04]} 65. Ra1 {[%emt 0:00:30]} Ka4 {[%emt 0:00:17]} 66. Rb1 {[%emt 0:00:32]} Rh6 {[%emt 0:00:44]} 67. Rh1 {[%emt 0:00:24]} Kxa3 {[%emt 0:00:13]} 68. Kxg3 {[%emt 0:00:06]} b4 {[%emt 0:00:17]} 0-1

[Event "Australian-ch 2018"]
[Site "Sydney"]
[Date "2018.01.08"]
[Round "7.4"]
[White "Morris, James"]
[Black "Clarke, Brandon G I"]
[Result "1/2-1/2"]
[WhiteElo "2477"]
[BlackElo "2360"]
[PlyCount "144"]
[EventDate "2018.01.02"]
[EventType "tourn"]
[EventCountry "AUS"]

{[%evp 18,144,42,22,52,56,73,18,23,0,0,0,0,0,0,0,0,14,12,0,0,0,0,0,0,0,0,0,-5,0,0,0,49,32,36,35,41,0,0,-5,-5,-3,-3,-4,0,0,15,0,0,0,78,81,102,90,99,94,102,96,95,101,119,54,54,-8,474,196,348,348,292,212,215,212,211,146,146,139,145,8,8,8,8,8,8,8,8,8,8,8,8,5,8,8,8,5,5,5,5,5,5,5,5,0,0,0,5,5,5,5,5,5,5,5,5,5,5,5,5,5,5,5,5,5,5,5,5,5,5,5,6]} 1. d4 Nf6 2. c4 g6 3. Nc3 Bg7 4. e4 d6 5. Be2 O-O 6. Bg5 c5 7. d5 h6 8. Be3 e6 9. Qd2 exd5 10. exd5 {LiveBook: 66 Games} Qb6 {E74: King's Indian: Averbakh Variation: 6...c5} (10... Ng4 11. Bxg4 Bxg4 12. h3 Qh4 13. Kf1 Bf5 14. f4 Nd7 15. Nf3 Qe7 16. Re1 Nb6 17. b3 Qf6 18. Nd1 {1-0 (57) Wang,H (2737)-Radjabov,T (2793) Beijing 2012}) 11. h3 $146 ({Find the theoretical novelty and annotate with similar games:} 11. Nf3 Bg4 12. O-O Re8 13. h3 Bxf3 14. Bxf3 Nbd7 15. Rab1 Ne5 16. Be2 Qb4 17. b3 a6 18. Qc1 {1-0 (34) Skierus,A (2054)-Taujanskis,E Platelia 2000}) 11... Re8 12. Nf3 (12. O-O-O $16) 12... Bf5 $11 13. O-O (13. Bd3 {NOTEXT} Bxd3 14. Qxd3 Nbd7 15. O-O Re7 16. Rae1) 13... Ne4 14. Nxe4 Bxe4 15. Bxh6 Qxb2 16. Bxg7 Qxd2 17. Nxd2 Kxg7 18. Bg4 Bd3 19. Rfe1 Na6 20. Bd7 Rxe1+ 21. Rxe1 Nb4 22. Re3 Bc2 23. Rc3 Bd1 24. a3 Rd8 (24... Na2 {NOTEXT} 25. Re3 Bc2 26. Bg4 a6 27. Re1 Bd3) 25. axb4 Rxd7 $14 {[%mdl 4096] Endgame KRB-KRN} 26. Rc1 Be2 27. b5 Re7 28. Ra1 Bd3 29. Ra3 ({Much weaker is} 29. Rxa7 Re1+ 30. Kh2 Re2 $17) 29... Re1+ 30. Kh2 Bf5 31. g4 Re2 32. Nf1 ({Wrong is} 32. Rxa7 $2 Bd3 $19) 32... Bb1 33. Kg3 Rc2 (33... Ra2 $11 {keeps the balance.} 34. Rb3 Bc2) 34. Rxa7 $16 Rxc4 35. Rxb7 Rb4 36. Ne3 Bd3 37. Rd7 Bxb5 38. Rxd6 c4 39. g5 (39. Rd8 $16) 39... c3 $14 40. Rd8 (40. Rb6 $14) 40... Bd3 $2 {[%mdl 8192]} (40... Rc4 $11) 41. Rc8 (41. Ng4 $142 {White wants to mate with Nf6.} Rxg4+ 42. hxg4) 41... Rb3 $2 (41... f5 42. gxf6+ Kxf6 43. Rxc3 Rd4 44. Ng4+ Kg7 45. Rc7+ Kf8) 42. d6 $18 Bb5 43. Kf4 Bd7 44. Rc7 Bxh3 45. d7 Rb8 {[#]} 46. Ke5 $1 {Strongly threatening f4.} Kf8 47. f4 (47. f3 $16) 47... Ke7 $11 {The position is equal.} 48. Nd5+ Kd8 49. Kd6 {aiming for Nb4!} Bg2 $132 {[%mdl 2048] [#] Hoping for ...Bxd5. Black is fighting back} 50. Rc8+ Rxc8 51. dxc8=Q+ Kxc8 52. Nxc3 {Ke7 is the strong threat. KB-KN} Kd8 53. Nd1 Ke8 54. Ne3 Bb7 55. Ng4 Bc8 56. Nf6+ Kf8 57. Kc7 Be6 58. Kd8 Bf5 59. Nh7+ Kg7 (59... Kg8 $5 60. Nf6+ $8 Kf8 $11) 60. Nf6 Kf8 61. Nd5 Bb1 62. Kd7 Be4 63. Ne3 Bb1 64. Kd6 Bd3 65. Ke5 Kg7 66. Ng4 Bb1 67. Nf6 Bc2 68. Kd6 Kf8 69. Nd7+ Ke8 70. Nb6 Kf8 71. Ke5 Kg7 72. Nd5 Bb1 {Precision: White = 56%, Black = 69%.} 1/2-1/2

[Event "Australian-ch 2018"]
[Site "Sydney"]
[Date "2018.01.08"]
[Round "7.5"]
[White "Izzat, Kanan"]
[Black "Lane, Gary W"]
[Result "1-0"]
[WhiteElo "2487"]
[BlackElo "2401"]
[PlyCount "187"]
[EventDate "2018.01.02"]
[EventType "tourn"]
[EventCountry "AUS"]

{[%evp 11,187,4,9,8,1,-7,0,2,3,-7,33,-5,-6,-16,-10,-12,-2,0,0,0,39,0,13,0,13,0,10,10,22,16,20,0,38,38,45,37,56,52,40,40,48,57,61,56,75,42,68,70,85,78,85,87,88,0,0,0,0,0,0,0,0,0,0,0,0,-5,-5,-5,-5,-5,0,-5,-5,-5,-5,-5,-5,-10,0,-18,0,0,0,0,0,0,0,0,0,0,0,0,0,0,0,0,0,0,0,0,0,0,0,0,0,0,0,0,0,0,0,0,0,0,0,0,0,0,0,0,0,0,31,31,31,31,31,10,37,0,136,128,167,145,354,20,20,20,20,20,20,20,20,-190,-140,-140,-8,-8,-8,-10,0,0,0,0,0,0,0,0,0,0,575,0,0,0,568,538,671,670,650,592,627,591,431,415,29989,29990,29990,960]} 1. Nf3 d5 2. g3 c6 3. Bg2 Nf6 4. O-O Bf5 5. c4 e6 6. Qb3 Qb6 7. d3 {A11: English Opening: 1...c6} Nbd7 8. Be3 Qxb3 9. axb3 {The position is equal.} a6 10. Nc3 Be7 11. Nd4 Bg6 12. cxd5 $146 ({Predecessor:} 12. Nc2 O-O 13. cxd5 Nxd5 14. Nxd5 exd5 {0-1 (69) Mu,K (2392)-Zhou,W (2627) China 2015}) 12... exd5 13. Nc2 O-O 14. b4 Ng4 15. Bd4 f5 16. f4 Rae8 17. h3 Ngf6 18. Rfe1 Bd6 19. Na4 Rf7 20. Nc5 Nf8 21. Bxf6 (21. Kf2 {is more complex.} Ne6 22. Nxe6 Rxe6 23. Bc5 Bc7 24. Nd4) 21... Bxc5+ (21... gxf6 {looks sharper.} 22. Nd4 a5 23. Rec1 axb4 24. Ra4 h5) 22. bxc5 Rxf6 23. Bf3 Ne6 24. d4 Bf7 25. e3 g5 26. Nb4 h5 27. Nd3 g4 28. Bg2 Nd8 29. Kf2 Be6 30. Rh1 Nf7 31. hxg4 hxg4 32. Ra4 (32. Ke1 $16) 32... Rh6 $11 33. Re1 Bc8 34. Rb4 Kf8 35. Rb6 Ke7 36. Nc1 Kd8 37. Nb3 Kc7 38. Na5 Reh8 39. Rb3 Rh5 40. Ra1 Nh6 (40... Nd8 {keeps more tension.} 41. Rb6 R5h6 42. Rb3 Kb8 43. Rc1 R8h7) 41. Rh1 Rxh1 42. Bxh1 Ng8 43. Bg2 Nf6 44. Rc3 Be6 45. Kg1 Ne4 46. Rb3 Bc8 (46... Nxg3 $2 47. Rxb7+ Kc8 48. Ra7 $18) 47. Bxe4 $1 fxe4 {[%mdl 4096] Endgame KRB-KRN} 48. Kg2 Rh5 49. Rc3 Bd7 50. Rb3 Bc8 51. Rb6 Rh3 52. Nb3 Rh5 53. Nc1 Bd7 54. Ne2 Bc8 55. Nc3 Rh3 56. Rb3 Be6 57. Na4 Bf5 58. Ra3 Be6 59. Ra1 Bf5 60. Rh1 Be6 61. Rh2 Bf5 62. Rh1 Be6 63. Rc1 Bd7 64. Nc3 Rh8 65. Rh1 Rh3 66. b4 b6 67. Ra1 Bc8 68. Na4 b5 69. Nb6 Bb7 70. f5 Rh6 (70... a5 $11) 71. Rf1 $1 $16 {f6 is the strong threat.} Rf6 72. Rf4 $1 a5 $2 (72... Bc8 $16) 73. bxa5 $2 (73. Rxg4 $18 Rxf5 74. Rg7+ (74. bxa5 b4 $14) 74... Kb8 75. Nd7+ (75. bxa5 b4 $11) 75... Kc8 76. g4 (76. bxa5 b4 $11)) 73... b4 $11 74. Kf2 b3 {aiming for ...b2.} 75. Na4 Bc8 76. Ke2 Rxf5 77. Rxg4 $2 (77. Rxf5 $11 {and White is okay.} Bxf5 78. Kd2) 77... Ba6+ $1 $19 78. Kd2 Rf2+ ({Black should play} 78... Bb5 $17 79. Rg7+ Kb8 80. Rg8+ Kb7) 79. Kc3 $11 Bc4 80. Rg7+ Kb8 {Strongly threatening ...Rc2+.} 81. a6 $1 {[%cal Ra6a7]} Bxa6 82. Kxb3 Re2 83. Kb4 Rxe3 84. Nb6 Re1 {White must now prevent ...e3.} 85. Nd7+ Ka8 $2 {[%mdl 8192]} (85... Kc8 $11) 86. Nb6+ $2 (86. Ka5 $1 $18 {[%cal Ra5a6]} Bb7 87. Kb6 Rb1+ 88. Kc7) 86... Kb8 {And now ...e3 would win.} 87. Nd7+ Ka8 $2 {[%mdl 8192] [#]} (87... Kc8 $11 {and Black stays safe.} 88. Ka5 Ra1+ 89. Kb6 Bb7) 88. Ka5 $1 $18 {[%cal Ra5a6]} Bb7 {[#] With the idea ...e3.} 89. Kb6 $1 {Threatening mate with Rg8+.} Rb1+ 90. Kc7 Rb4 91. Rg8+ Ka7 92. Rb8 Rxd4 (92... e3 $18 93. Re8 Rxd4) 93. Rxb7+ Ka6 94. Nb8+ {Precision: White = 63%, Black = 61%.} 1-0

[Event "Australian-ch 2018"]
[Site "Sydney"]
[Date "2018.01.08"]
[Round "7.6"]
[White "Guichard, Pauline"]
[Black "Solomon, Stephen J"]
[Result "0-1"]
[WhiteElo "2269"]
[BlackElo "2365"]
[PlyCount "100"]
[EventDate "2018.01.02"]
[EventType "tourn"]
[EventCountry "AUS"]
[TimeControl "40/5400+30:1800+30"]

1. Nf3 {[%emt 0:01:13]} Nf6 {[%emt 0:01:54]} 2. g3 {[%emt 0:00:13]} d5 {[%emt 0:00:40]} 3. Bg2 {[%emt 0:00:15]} c6 {[%emt 0:00:20]} 4. O-O {[%emt 0:00:10]} Bg4 {[%emt 0:00:14]} 5. d3 {[%emt 0:00:24]} Nbd7 {[%emt 0:00:15]} 6. Qe1 {[%emt 0:00:25]} e5 {[%emt 0:01:54]} 7. e4 {[%emt 0:00:10]} dxe4 {[%emt 0:05:29]} 8. dxe4 {[%emt 0:00:10]} Bc5 {[%emt 0:00:17]} 9. Nbd2 {[%emt 0:00:09]} O-O {[%emt 0:02:13]} 10. h3 {[%emt 0:00:11]} Bh5 {[%emt 0:02:08]} 11. a4 {[%emt 0:00:11]} a5 {[%emt 0:01:09]} 12. Nc4 {[%emt 0:00:22]} Re8 {[%emt 0:01:55]} 13. Bd2 {[%emt 0:02:02]} b6 {[%emt 0:02:50]} 14. Nh4 {[%emt 0:00:52]} Qc7 {[%emt 0:02:58]} 15. Bg5 {[%emt 0:16:12]} Rad8 {[%emt 0:13:08]} 16. Nf5 {[%emt 0:01:33]} h6 {[%emt 0:01:36]} 17. Bh4 {[%emt 0:06:55]} Kh7 {[%emt 0:12:00]} 18. g4 {[%emt 0:04:18]} Bg6 {[%emt 0:00:10]} 19. Kh1 {[%emt 0:02:21]} h5 {[%emt 0:11:47]} 20. Bf3 {[%emt 0:03:52]} hxg4 {[%emt 0:01:28]} 21. hxg4 {[%emt 0:00:18]} Rh8 {[%emt 0:00:39]} 22. Kg2 {[%emt 0:03:39]} Bxf5 {[%emt 0:01:44]} 23. gxf5 {[%emt 0:01:11]} g6 {[%emt 0:04:36]} 24. Rh1 {[%emt 0:09:23]} Kg7 {[%emt 0:00:32]} 25. Qd2 {[%emt 0:09:19]} Rdg8 {[%emt 0:11:54]} 26. Bg3 {[%emt 0:02:50]} Rxh1 {[%emt 0:03:32]} 27. Rxh1 {[%emt 0:00:20]} Kf8 {[%emt 0:00:10]} 28. Qg5 {[%emt 0:05:48]} Ke7 {[%emt 0:02:09]} 29. Rh6 {[%emt 0:03:34]} b5 {[%emt 0:04:01]} 30. Nd2 {[%emt 0:00:46]} gxf5 {[%emt 0:03:05]} 31. Qxf5 {[%emt 0:02:03]} Qd6 {[%emt 0:01:30]} 32. Nb3 {[%emt 0:01:00]} Bb6 {[%emt 0:03:55]} 33. Kh3 {[%emt 0:10:19]} bxa4 {[%emt 0:00:33]} 34. Nc1 {[%emt 0:00:09]} Qe6 {[%emt 0:02:51]} 35. Bh4 {[%emt 0:00:49]} Rg6 {[%emt 0:00:40]} 36. Rh8 {[%emt 0:00:58]} Kd6 {[%emt 0:00:49]} 37. Nd3 {[%emt 0:02:20]} Nc5 {[%emt 0:00:48]} 38. Rb8 {[%emt 0:05:55]} Nxd3 {[%emt 0:00:22]} 39. cxd3 {[%emt 0:00:03]} Bd4 {[%emt 0:00:18]} 40. Rb7 {[%emt 0:04:26]} Rh6 {[%emt 0:30:25]} 41. Qxe6+ {[%emt 0:32:20]} fxe6 {[%emt 0:00:00]} 42. Rf7 {[%emt 0:00:00]} Bxf2 {[%emt 0:00:00]} 43. Rxf6 {[%emt 0:00:00]} Rxh4+ {[%emt 0:00:00]} 44. Kg2 {[%emt 0:00:00]} Bd4 {[%emt 0:00:00]} 45. Kg3 {[%emt 0:00:00]} Rf4 {[%emt 0:00:00]} 46. Rh6 {[%emt 0:00:00]} Rxf3+ {[%emt 0:00:00]} 47. Kxf3 {[%emt 0:00:00]} Bxb2 {[%emt 0:00:00]} 48. d4 {[%emt 0:00:00]} a3 {[%emt 0:00:00]} 49. dxe5+ {[%emt 0:00:00]} Kc5 {[%emt 0:00:00]} 50. Rh2 {[%emt 0:00:00]} a2 {[%emt 0:00:00]} 0-1

[Event "Australian-ch 2018"]
[Site "Sydney"]
[Date "2018.01.08"]
[Round "7.7"]
[White "Xie, George Wendi"]
[Black "Nakauchi, Gene"]
[Result "1-0"]
[WhiteElo "2369"]
[BlackElo "2208"]
[PlyCount "117"]
[EventDate "2018.01.02"]
[EventType "tourn"]
[EventCountry "AUS"]
[TimeControl "40/5400+30:1800+30"]

1. e4 {[%emt 0:00:00]} c5 {[%emt 0:00:06]} 2. Nf3 {[%emt 0:00:00]} e6 {[%emt 0:00:07]} 3. Nc3 {[%emt 0:00:00]} a6 {[%emt 0:00:27]} 4. g3 {[%emt 0:00:00]} b5 {[%emt 0:02:49]} 5. d4 {[%emt 0:00:01]} cxd4 {[%emt 0:00:16]} 6. Nxd4 {[%emt 0:00:04]} b4 {[%emt 0:05:18]} 7. Na4 {[%emt 0:00:04]} Bb7 {[%emt 0:01:01]} 8. Bg2 {[%emt 0:00:04]} Nf6 {[%emt 0:06:02]} 9. O-O {[%emt 0:03:49]} Bxe4 {[%emt 0:12:18]} 10. Bxe4 {[%emt 0:00:04]} Nxe4 {[%emt 0:00:05]} 11. Re1 {[%emt 0:00:03]} Nc5 {[%emt 0:03:49]} 12. Qf3 {[%emt 0:04:25]} Ra7 {[%emt 0:02:20]} 13. Be3 {[%emt 0:01:33]} Rc7 {[%emt 0:02:57]} 14. Nb6 {[%emt 0:04:52]} Be7 {[%emt 0:03:45]} 15. a3 {[%emt 0:01:42]} bxa3 {[%emt 0:02:47]} 16. b4 {[%emt 0:00:06]} Nb7 {[%emt 0:03:52]} 17. Bf4 {[%emt 0:00:04]} d6 {[%emt 0:00:39]} 18. Rxe6 {[%emt 0:00:09]} O-O {[%emt 0:03:58]} 19. Nd5 {[%emt 0:00:03]} fxe6 {[%emt 0:21:07]} 20. Nxe6 {[%emt 0:00:04]} Qd7 {[%emt 0:06:25]} 21. Nxf8 {[%emt 0:02:24]} Bxf8 {[%emt 0:00:33]} 22. Nxc7 {[%emt 0:00:06]} Qxc7 {[%emt 0:00:13]} 23. Rxa3 {[%emt 0:00:31]} Nd8 {[%emt 0:00:55]} 24. Qd5+ {[%emt 0:00:53]} Qf7 {[%emt 0:03:32]} 25. c4 {[%emt 0:03:33]} Ndc6 {[%emt 0:01:54]} 26. Qxf7+ {[%emt 0:02:55]} Kxf7 {[%emt 0:00:06]} 27. b5 {[%emt 0:00:03]} axb5 {[%emt 0:00:12]} 28. cxb5 {[%emt 0:00:04]} Nd4 {[%emt 0:00:06]} 29. Be3 {[%emt 0:01:41]} Nc2 {[%emt 0:02:18]} 30. Ra8 {[%emt 0:03:21]} Nxe3 {[%emt 0:02:31]} 31. Rxb8 {[%emt 0:00:17]} Nc4 {[%emt 0:00:17]} 32. b6 {[%emt 0:00:05]} Nxb6 {[%emt 0:06:32]} 33. Rxb6 {[%emt 0:00:09]} Ke6 {[%emt 0:00:31]} 34. Kg2 {[%emt 0:02:21]} Be7 {[%emt 0:00:14]} 35. Kf3 {[%emt 0:00:08]} Kd5 {[%emt 0:00:48]} 36. Rb5+ {[%emt 0:00:22]} Kd4 {[%emt 0:00:58]} 37. h4 {[%emt 0:03:26]} d5 {[%emt 0:01:42]} 38. h5 {[%emt 0:00:25]} h6 {[%emt 0:00:40]} 39. Ke2 {[%emt 0:02:07]} Bf6 {[%emt 0:01:48]} 40. Rb7 {[%emt 0:00:48]} Ke4 {[%emt 0:32:04]} 41. Rb4+ {[%emt 0:31:13]} Kf5 {[%emt 0:02:05]} 42. Rb5 {[%emt 0:00:12]} Ke4 {[%emt 0:00:14]} 43. Ra5 {[%emt 0:04:19]} Kd4 {[%emt 0:00:00]} 44. Ra4+ {[%emt 0:00:00]} Kc3 {[%emt 0:00:00]} 45. Ke3 {[%emt 0:00:00]} Be7 {[%emt 0:00:00]} 46. f4 {[%emt 0:00:00]} d4+ {[%emt 0:00:00]} 47. Ke2 {[%emt 0:00:00]} Bc5 {[%emt 0:00:00]} 48. Kd1 {[%emt 0:00:00]} Kd3 {[%emt 0:00:00]} 49. Ra5 {[%emt 0:00:00]} Be7 {[%emt 0:00:00]} 50. Re5 {[%emt 0:00:00]} Bf6 {[%emt 0:00:00]} 51. g4 {[%emt 0:00:00]} Kc4 {[%emt 0:00:00]} 52. Rf5 {[%emt 0:00:00]} Bh4 {[%emt 0:00:00]} 53. Rf7 {[%emt 0:00:00]} Bg3 {[%emt 0:00:00]} 54. g5 {[%emt 0:00:00]} hxg5 {[%emt 0:05:14]} 55. fxg5 {[%emt 0:00:00]} Be5 {[%emt 0:00:49]} 56. h6 {[%emt 0:00:00]} g6 {[%emt 0:00:32]} 57. Rg7 {[%emt 0:00:00]} d3 {[%emt 0:00:24]} 58. Rxg6 {[%emt 0:00:00]} Kd5 {[%emt 0:00:12]} 59. h7 {[%emt 0:00:00]} 1-0

[Event "Australian-ch 2018"]
[Site "Sydney"]
[Date "2018.01.08"]
[Round "7.8"]
[White "Parle, Hughston"]
[Black "Puccini, Jack"]
[Result "0-1"]
[WhiteElo "1961"]
[BlackElo "2278"]
[PlyCount "146"]
[EventDate "2018.01.02"]
[EventType "tourn"]
[EventCountry "AUS"]
[TimeControl "40/5400+30:1800+30"]

1. d4 {[%emt 0:00:20]} Nf6 {[%emt 0:01:35]} 2. c4 {[%emt 0:00:11]} g6 {[%emt 0:01:00]} 3. Nc3 {[%emt 0:00:09]} Bg7 {[%emt 0:00:41]} 4. e4 {[%emt 0:00:14]} d6 {[%emt 0:00:13]} 5. Be2 {[%emt 0:00:11]} O-O {[%emt 0:00:11]} 6. Be3 {[%emt 0:00:30]} c5 {[%emt 0:05:47]} 7. Nf3 {[%emt 0:13:52]} Ng4 {[%emt 0:04:34]} 8. Bg5 {[%emt 0:06:47]} cxd4 {[%emt 0:29:21]} 9. Nxd4 {[%emt 0:07:43]} Qb6 {[%emt 0:02:41]} 10. Bxg4 {[%emt 0:31:05]} Bxg4 {[%emt 0:04:54]} 11. Qxg4 {[%emt 0:00:56]} Qxb2 {[%emt 0:03:19]} 12. O-O {[%emt 0:00:07]} Qxc3 {[%emt 0:02:23]} 13. Bxe7 {[%emt 0:04:40]} Qxd4 {[%emt 0:01:41]} 14. Bxf8 {[%emt 0:00:36]} Bxf8 {[%emt 0:00:47]} 15. Qc8 {[%emt 0:00:09]} Qc5 {[%emt 0:08:09]} 16. Qxb7 {[%emt 0:04:22]} Qc6 {[%emt 0:00:13]} 17. Rab1 {[%emt 0:01:27]} Qxb7 {[%emt 0:01:52]} 18. Rxb7 {[%emt 0:00:02]} Nc6 {[%emt 0:00:15]} 19. Rc7 {[%emt 0:00:10]} Nd4 {[%emt 0:01:19]} 20. Rb1 {[%emt 0:00:18]} Ne6 {[%emt 0:02:09]} 21. Rcb7 {[%emt 0:01:40]} a6 {[%emt 0:09:41]} 22. Rb8 {[%emt 0:05:06]} Ra7 {[%emt 0:00:08]} 23. Rc8 {[%emt 0:01:47]} Kg7 {[%emt 0:02:07]} 24. g3 {[%emt 0:00:35]} Nc5 {[%emt 0:02:27]} 25. f3 {[%emt 0:00:38]} Be7 {[%emt 0:00:30]} 26. Rb6 {[%emt 0:00:17]} Rd7 {[%emt 0:03:15]} 27. Kf2 {[%emt 0:00:45]} Bd8 {[%emt 0:01:41]} 28. Rb1 {[%emt 0:00:53]} Bf6 {[%emt 0:01:59]} 29. Rd1 {[%emt 0:01:47]} Ne6 {[%emt 0:02:01]} 30. Rc6 {[%emt 0:00:37]} Bd4+ {[%emt 0:01:22]} 31. Kg2 {[%emt 0:00:11]} Rb7 {[%emt 0:00:30]} 32. Rd2 {[%emt 0:04:34]} Be3 {[%emt 0:01:47]} 33. Rd3 {[%emt 0:01:23]} Rb2+ {[%emt 0:00:58]} 34. Kf1 {[%emt 0:00:04]} Rb1+ {[%emt 0:02:26]} 35. Ke2 {[%emt 0:01:28]} Nd4+ {[%emt 0:00:41]} 36. Kxe3 {[%emt 0:00:05]} Nxc6 {[%emt 0:00:04]} 37. Rxd6 {[%emt 0:00:04]} Nb4 {[%emt 0:02:14]} 38. c5 {[%emt 0:00:30]} Rc1 {[%emt 0:00:42]} 39. Rb6 {[%emt 0:00:50]} a5 {[%emt 0:00:55]} 40. Rb5 {[%emt 0:00:13]} Nxa2 {[%emt 0:30:57]} 41. Rxa5 {[%emt 0:30:07]} Nb4 {[%emt 0:00:00]} 42. Rb5 {[%emt 0:00:00]} Rc4 {[%emt 0:00:00]} 43. h4 {[%emt 0:00:00]} Nc6 {[%emt 0:00:00]} 44. Kd3 {[%emt 0:00:00]} Ne5+ {[%emt 0:00:00]} 45. Ke3 {[%emt 0:00:00]} Nd7 {[%emt 0:00:00]} 46. h5 {[%emt 0:00:00]} Nxc5 {[%emt 0:00:00]} 47. hxg6 {[%emt 0:00:00]} hxg6 {[%emt 0:00:00]} 48. Rb8 {[%emt 0:00:00]} Ne6 {[%emt 0:00:00]} 49. Rb3 {[%emt 0:00:00]} Kf6 {[%emt 0:00:00]} 50. Rd3 {[%emt 0:00:00]} Nc5 {[%emt 0:00:00]} 51. Rd6+ {[%emt 0:00:00]} Ne6 {[%emt 0:00:00]} 52. Rd3 {[%emt 0:00:00]} Rb4 {[%emt 0:00:00]} 53. Ra3 {[%emt 0:00:00]} Nc5 {[%emt 0:00:00]} 54. Kf4 {[%emt 0:00:00]} Rb3 {[%emt 0:00:00]} 55. e5+ {[%emt 0:00:00]} Ke6 {[%emt 0:00:00]} 56. Ra5 {[%emt 0:00:00]} Rc3 {[%emt 0:00:00]} 57. Rb5 {[%emt 0:00:00]} Rc4+ {[%emt 0:00:00]} 58. Kg5 {[%emt 0:00:00]} Kxe5 {[%emt 0:00:00]} 59. g4 {[%emt 0:00:00]} Ke6 {[%emt 0:00:00]} 60. f4 {[%emt 0:00:00]} Ke7 {[%emt 0:00:00]} 61. f5 {[%emt 0:00:00]} Ne4+ {[%emt 0:00:00]} 62. Kh6 {[%emt 0:00:00]} gxf5 {[%emt 0:00:00]} 63. Rxf5 {[%emt 0:00:00]} Nf6 {[%emt 0:00:00]} 64. Re5+ {[%emt 0:00:00]} Kf8 {[%emt 0:00:00]} 65. Ra5 {[%emt 0:00:00]} Rxg4 {[%emt 0:00:34]} 66. Ra8+ {[%emt 0:00:00]} Ne8 {[%emt 0:00:05]} 67. Kh5 {[%emt 0:00:00]} Rg6 {[%emt 0:00:36]} 68. Rb8 {[%emt 0:00:00]} Ke7 {[%emt 0:00:33]} 69. Rb7+ {[%emt 0:00:00]} Ke6 {[%emt 0:00:25]} 70. Rb6+ {[%emt 0:00:00]} Nd6 {[%emt 0:00:06]} 71. Ra6 {[%emt 0:00:00]} Rg1 {[%emt 0:00:14]} 72. Ra2 {[%emt 0:00:00]} f5 {[%emt 0:00:10]} 73. Re2+ {[%emt 0:00:00]} Ne4 {[%emt 0:00:06]} 0-1